[Event "1st FIDE OWCCCC Pools-East 2021"]
[Site "Online"]
[Date "2021.02.19"]
[Round "2"]
[White "Shlauzer, Andrey"]
[Black "phantom"]
[Result "1-0"]
[WhiteElo "2122"]
[BlackElo "1401"]
[Annotator "ChessBase"]
[PlyCount "69"]
[EventDate "2021.02.19"]
[EventType "team-tourn"]
[EventCountry "NET"]
[SourceTitle "playchess.com"]
[Source "ChessBase"]
[SourceQuality "1"]

1. e4 e5 2. Nf3 Nc6 3. Bb5 d6 4. d4 Bd7 5. O-O Nf6 6. Nc3 a6 7. Bxc6 Bxc6 8. Re1 Be7 9. h3 O-O 10. dxe5 dxe5 11. Qxd8 Rc8 12. Qxe7 Rcd8 13. Bg5 Rd7 14. Qxe5 Re8 15. Bxf6 Rxe5 16. Bxe5 f6 17. Bf4 g5 18. Bg3 h5 19. Rad1 Re7 20. Nd5 Bxd5 21. exd5 Rd7 22. Re6 Kf7 23. c4 h4 24. Bh2 c6 25. Rd6 Re7 26. dxc6 bxc6 27. Rd7 Rxd7 28. Rxd7+ Ke6 29. Rd6+ Kf5 30. Rxc6 Ke4 31. Re6+ Kd3 32. c5 Kc4 33. c6 Kd5 34. Rd6+ Kc5 35. c7 1-0

[Event "1st FIDE OWCCCC Pools-East 2021"]
[Site "Online"]
[Date "2021.02.19"]
[Round "2"]
[White "Ramakrishnan, Venkat"]
[Black "Sasso, Giulio"]
[Result "1-0"]
[WhiteElo "2113"]
[BlackElo "1311"]
[Annotator "ChessBase"]
[PlyCount "71"]
[EventDate "2021.02.19"]
[EventType "team-tourn"]
[EventCountry "NET"]
[SourceTitle "playchess.com"]
[Source "ChessBase"]
[SourceQuality "1"]

1. e4 e5 2. Nf3 d6 3. d4 Bg4 4. dxe5 Bxf3 5. Qxf3 dxe5 6. Bc4 Nf6 7. Qb3 Qc8 8. Bxf7+ Ke7 9. Nc3 c6 10. Be3 Nbd7 11. Qe6+ Kd8 12. O-O-O Bb4 13. Qxe5 Rf8 14. Be6 Re8 15. Bg5 Be7 16. Bxd7 Nxd7 17. Rxd7+ Qxd7 18. Rd1 Bxg5+ 19. Qxg5+ Kc7 20. Rxd7+ Kxd7 21. Qxg7+ Re7 22. Qd4+ Kc7 23. b3 a6 24. Na4 Rd8 25. Qb6+ Kc8 26. Nc5 h5 27. f4 Rg8 28. g3 h4 29. e5 hxg3 30. hxg3 Rxg3 31. Ne4 Rgg7 32. Nd6+ Kb8 33. Kb2 Rg4 34. Qd8+ Ka7 35. Qxe7 Rxf4 36. Qxb7# 1-0

[Event "1st FIDE OWCCCC Pools-East 2021"]
[Site "Online"]
[Date "2021.02.19"]
[Round "2"]
[White "Garcia Lopez, Nicolas"]
[Black "Gulyaev, Igor"]
[Result "1-0"]
[WhiteElo "2039"]
[BlackElo "1865"]
[Annotator "NA"]
[PlyCount "97"]
[EventDate "2021.02.19"]
[EventType "team-tourn"]
[EventCountry "NET"]
[SourceTitle "playchess.com"]
[Source "ChessBase"]
[SourceQuality "1"]

1. e4 e5 2. Nc3 Bb4 3. Nd5 Bc5 4. Nf3 c6 5. Ne3 d6 6. c3 Nf6 7. Qc2 a5 8. d4 exd4 9. cxd4 Bb6 10. Bd3 O-O 11. e5 dxe5 12. dxe5 Nd5 13. Nxd5 Qxd5 14. Bxh7+ Kh8 15. Be4 Qb5 16. Bd3 Qb4+ 17. Bd2 Qe7 18. O-O Bg4 19. Be4 Bxf3 20. Bxf3 Qxe5 21. g3 Nd7 22. Rad1 Nf6 23. Bc3 Qg5 24. Qb3 Qb5 25. Qxb5 cxb5 26. Bxb7 Rab8 27. Bc6 b4 28. Bxf6 gxf6 29. Rd7 Rbc8 30. Be4 Rc4 31. Re1 Re8 32. Rb7 Bc5 33. Rb5 Ba7 34. Rb7 Rcxe4 35. Rxe4 Bxf2+ 36. Kxf2 Rxe4 37. Rxf7 Re6 38. Ra7 Re5 39. Kf3 Rh5 40. h4 Rf5+ 41. Kg4 Re5 42. Kf4 Rb5 43. g4 b3 44. axb3 Rxb3 45. Rxa5 Rxb2 46. Kf5 Rf2+ 47. Kg6 Re2 48. Ra8+ Re8 49. Rxe8# 1-0

[Event "1st FIDE OWCCCC Pools-East 2021"]
[Site "Online"]
[Date "2021.02.19"]
[Round "2"]
[White "Bayarsaikhan, Chimedlkham"]
[Black "Qarout, Ahmad"]
[Result "1-0"]
[WhiteElo "1962"]
[BlackElo "678"]
[Annotator "NA"]
[PlyCount "61"]
[EventDate "2021.02.19"]
[EventType "team-tourn"]
[EventCountry "NET"]
[SourceTitle "playchess.com"]
[Source "ChessBase"]
[SourceQuality "1"]

1. e4 e5 2. Nf3 Nc6 3. Bc4 Nf6 4. Nc3 Bc5 5. O-O O-O 6. h3 d6 7. d3 b6 8. Nd5 Be6 9. Bg5 h6 10. Bh4 a6 11. Bxf6 gxf6 12. Nh4 b5 13. Bb3 f5 14. exf5 Qxh4 15. fxe6 Rae8 16. Nxc7 Re7 17. exf7+ Rfxf7 18. Bxf7+ Rxf7 19. Nd5 Bxf2+ 20. Kh1 Nd4 21. Qg4+ Qxg4 22. hxg4 Nxc2 23. Rac1 Ne3 24. Nxe3 Bxe3 25. Rc8+ Kg7 26. Rxf7+ Kxf7 27. Rc6 Ke6 28. Rxa6 b4 29. g3 Kf6 30. Rxd6+ Kg5 31. Re6 1-0

[Event "1st FIDE OWCCCC Pools-East 2021"]
[Site "Online"]
[Date "2021.02.19"]
[Round "2"]
[White "Barta, Miroslav"]
[Black "Bielec, John Matthew"]
[Result "1-0"]
[WhiteElo "1956"]
[BlackElo "1626"]
[Annotator "NA"]
[PlyCount "107"]
[EventDate "2021.02.19"]
[EventType "team-tourn"]
[EventCountry "NET"]
[SourceTitle "playchess.com"]
[Source "ChessBase"]
[SourceQuality "1"]

1. d4 d5 2. c4 c6 3. Nc3 Nf6 4. Nf3 e6 5. Bg5 Nbd7 6. e3 Bd6 7. Bd3 h6 8. Bh4 O-O 9. O-O b6 10. Rc1 Bb7 11. a3 Be7 12. b4 Ng4 13. Bg3 Ngf6 14. Ne5 Nxe5 15. Bxe5 Nd7 16. Bg3 Bh4 17. Qg4 Bxg3 18. Qxg3 Nf6 19. cxd5 cxd5 20. Nb5 a6 21. Nc7 Rc8 22. Nxa6 Ne4 23. Qe5 Re8 24. Rfd1 Qh4 25. Bxe4 dxe4 26. Nc7 Red8 27. Nb5 Ra8 28. Qc7 Ba6 29. Nd6 Qf6 30. b5 Bc8 31. Nxe4 Qg6 32. Qxd8+ Kh7 33. Nd6 Bb7 34. Nxb7 Rxd8 35. Nxd8 Qf6 36. Nc6 Qf5 37. Ne5 f6 38. Nf3 Qd5 39. a4 Qb3 40. Ra1 e5 41. dxe5 fxe5 42. Nxe5 h5 43. Nf3 Kh6 44. h3 g6 45. g3 Qf7 46. Nh4 g5 47. Rd6+ Kh7 48. Rad1 gxh4 49. Rd7 hxg3 50. Rxf7+ Kg8 51. Rf5 h4 52. fxg3 hxg3 53. Rd4 g2 54. Rg4+ 1-0

[Event "1st FIDE OWCCCC Pools-East 2021"]
[Site "Online"]
[Date "2021.02.19"]
[Round "2"]
[White "Akhrass, Roland"]
[Black "Nasanjargal, Urtnasan"]
[Result "0-1"]
[WhiteElo "1930"]
[BlackElo "2460"]
[Annotator "TA"]
[PlyCount "72"]
[EventDate "2021.02.19"]
[EventType "team-tourn"]
[EventCountry "NET"]
[SourceTitle "playchess.com"]
[Source "ChessBase"]
[SourceQuality "1"]

1. e4 c5 2. d4 cxd4 3. c3 d3 4. c4 Nc6 5. Nc3 d6 6. Bxd3 g6 7. Nf3 Bg4 8. Be2 Bg7 9. O-O Nf6 10. h3 Bxf3 11. Bxf3 O-O 12. Be3 Nd7 13. Rc1 Rc8 14. Be2 Nc5 15. f3 Ne6 16. f4 Nc5 17. Bf3 Nb4 18. b3 Ncd3 19. Rc2 Nxc2 20. Qxc2 Nb4 21. Qd2 a6 22. f5 b5 23. Nxb5 axb5 24. Qxb4 bxc4 25. bxc4 Ra8 26. a4 Qa5 27. Qb7 Rfe8 28. fxg6 hxg6 29. Bd1 Qc3 30. Bb6 Rab8 31. Qd5 e6 32. Qxd6 Rxb6 33. Qd7 Qd4+ 34. Qxd4 Bxd4+ 35. Kh1 Rb1 36. a5 Ra8 0-1

[Event "1st FIDE OWCCCC Pools-East 2021"]
[Site "Online"]
[Date "2021.02.19"]
[Round "2"]
[White "Dekker, Derk"]
[Black "De Araujo, Marco Antonio Sena C"]
[Result "1-0"]
[WhiteElo "1907"]
[BlackElo "1798"]
[Annotator "NA"]
[PlyCount "93"]
[EventDate "2021.02.19"]
[EventType "team-tourn"]
[EventCountry "NET"]
[SourceTitle "playchess.com"]
[Source "ChessBase"]
[SourceQuality "1"]

1. d4 Nf6 2. c4 e6 3. Nf3 d5 4. Nc3 Bb4 5. a3 Bxc3+ 6. bxc3 O-O 7. Bg5 h6 8. Bh4 Nc6 9. e3 b6 10. cxd5 exd5 11. Bd3 Re8 12. O-O Bg4 13. Bb5 Qd6 14. Bg3 Qe6 15. Qa4 Bxf3 16. gxf3 Nh5 17. Bxc6 Nxg3 18. hxg3 Kf8 19. Bxe8 Rxe8 20. Kg2 c6 21. Qxa7 b5 22. Qc5+ Re7 23. a4 g5 24. axb5 cxb5 25. Ra7 h5 26. Rb1 h4 27. Rxb5 hxg3 28. Qxe7+ Qxe7 29. Rxe7 Kxe7 30. fxg3 Ke6 31. g4 f5 32. gxf5+ Kxf5 33. Rxd5+ Ke6 34. e4 Kf6 35. Kg3 Ke6 36. Kg4 Kf6 37. Rd6+ Kg7 38. Kxg5 Kf7 39. c4 Ke7 40. c5 Kf7 41. e5 Ke7 42. c6 Kf7 43. c7 Ke7 44. c8=Q Kf7 45. Qe6+ Kg7 46. Rd7+ Kf8 47. Qf7# 1-0

[Event "1st FIDE OWCCCC Pools-East 2021"]
[Site "Online"]
[Date "2021.02.19"]
[Round "2"]
[White "Justplayin"]
[Black "Arun Prasad, S.."]
[Result "1/2-1/2"]
[WhiteElo "1900"]
[BlackElo "2507"]
[Annotator "TA"]
[PlyCount "176"]
[EventDate "2021.02.19"]
[EventType "team-tourn"]
[EventCountry "NET"]
[SourceTitle "playchess.com"]
[Source "ChessBase"]
[SourceQuality "1"]

1. e4 c5 2. Nc3 d6 3. g3 g6 4. Bg2 Bg7 5. Nge2 Nf6 6. h3 O-O 7. O-O Nbd7 8. d3 Rb8 9. Be3 b5 10. Qd2 b4 11. Nd1 Ne5 12. f4 Ned7 13. g4 Nb6 14. f5 e6 15. g5 Nh5 16. f6 Bh8 17. Nf2 e5 18. Ng4 Bxg4 19. hxg4 Nf4 20. Bxf4 exf4 21. Nxf4 Qd7 22. Bf3 c4 23. dxc4 Nxc4 24. Qd4 Rbc8 25. Nd5 a5 26. Ne7+ Qxe7 27. fxe7 Bxd4+ 28. Kg2 Rfe8 29. Rfe1 Bxb2 30. Rad1 Be5 31. Rd5 Nb6 32. Rxa5 Rxc2+ 33. Re2 Rxe2+ 34. Bxe2 Rxe7 35. Rb5 Nc4 36. Bxc4 Bc3 37. Kf3 Kg7 38. Bb3 Rc7 39. Rb6 Rc5 40. Bd5 h5 41. gxh6+ Kxh6 42. Bxf7 Be5 43. Rxb4 Rc3+ 44. Ke2 Rc2+ 45. Kd3 Rc3+ 46. Ke2 Rg3 47. Be6 Kg5 48. a4 Rg2+ 49. Kd3 Rg1 50. Kc4 Rc1+ 51. Kb5 Bc3 52. Rb3 Bd4 53. Ka6 Rc6+ 54. Kb7 Rc5 55. Ka6 Rc6+ 56. Kb7 Rc5 57. Bd7 Kf4 58. Be8 g5 59. Bd7 Kxe4 60. Bf5+ Ke5 61. Rb6 Rc4 62. Ra6 Rb4+ 63. Kc6 Rc4+ 64. Kd7 Bc3 65. Rxd6 Rxa4 66. Re6+ Kf4 67. Rc6 Be5 68. Ke6 Ra3 69. Rc4+ Kg3 70. Kxe5 Re3+ 71. Kf6 Kh4 72. Rc8 Rh3 73. Rg8 Kg3 74. Rxg5 Rh6+ 75. Rg6 Rh8 76. g5 Rf8+ 77. Ke6 Kf4 78. Bb1 Re8+ 79. Kf7 Rb8 80. Kf6 Rxb1 81. Rg8 Rb6+ 82. Ke7 Kf5 83. Kf7 Rb7+ 84. Kf8 Rb8+ 85. Kf7 Rb7+ 86. Kf8 Rb8+ 87. Kf7 Rxg8 88. Kxg8 Kxg5 1/2-1/2

[Event "1st FIDE OWCCCC Pools-East 2021"]
[Site "Online"]
[Date "2021.02.19"]
[Round "2"]
[White "Antonova, Svetlana"]
[Black "Mohammadi, Pari"]
[Result "1-0"]
[WhiteElo "1711"]
[BlackElo "1705"]
[Annotator "NA"]
[PlyCount "85"]
[EventDate "2021.02.19"]
[EventType "team-tourn"]
[EventCountry "NET"]
[SourceTitle "playchess.com"]
[Source "ChessBase"]
[SourceQuality "1"]

1. d4 d5 2. c4 e6 3. Nc3 Nf6 4. Bg5 Nc6 5. Nf3 h6 6. Bh4 Be7 7. e3 O-O 8. Be2 a6 9. O-O Na5 10. cxd5 exd5 11. Rc1 Bg4 12. h3 Bxf3 13. Bxf3 Re8 14. Bxf6 Bxf6 15. Nxd5 c6 16. Nxf6+ Qxf6 17. Qa4 Qf5 18. Rc5 Qe6 19. Qxa5 Rab8 20. Re5 Qd7 21. Rxe8+ Qxe8 22. Rc1 b6 23. Qxa6 c5 24. dxc5 bxc5 25. Rxc5 Kh7 26. Qd3+ g6 27. b3 Rd8 28. Qc4 h5 29. Rc7 Rd7 30. Rxd7 Qxd7 31. a4 f5 32. a5 Kh6 33. a6 g5 34. Qc6+ Qxc6 35. Bxc6 g4 36. hxg4 hxg4 37. a7 Kg5 38. a8=Q f4 39. exf4+ Kxf4 40. Qf8+ Kg5 41. Qd6 g3 42. f3 Kh4 43. Qh6# 1-0

[Event "1st FIDE OWCCCC Pools-East 2021"]
[Site "Online"]
[Date "2021.02.19"]
[Round "2"]
[White "Chidambaranathan, Sundaram"]
[Black "Stamos, Filippos"]
[Result "0-1"]
[WhiteElo "1620"]
[BlackElo "2152"]
[Annotator "ChessBase"]
[PlyCount "160"]
[EventDate "2021.02.19"]
[EventType "team-tourn"]
[EventCountry "NET"]
[SourceTitle "playchess.com"]
[Source "ChessBase"]
[SourceQuality "1"]

1. e4 c5 2. Nf3 d6 3. d4 cxd4 4. Nxd4 Nf6 5. Nc3 Nc6 6. Be2 e5 7. Nf3 Be7 8. Be3 O-O 9. O-O Be6 10. Qd2 a6 11. Rad1 b5 12. Nd5 Nxe4 13. Nxe7+ Qxe7 14. Qc1 d5 15. c3 Rac8 16. Bd3 Nf6 17. Bb1 d4 18. Bg5 h6 19. Bh4 Bg4 20. Qc2 e4 21. Bxf6 gxf6 22. Qxe4 Qxe4 23. Bxe4 dxc3 24. bxc3 Ne5 25. Rd6 Bxf3 26. gxf3 a5 27. Rxf6 Rxc3 28. Kh1 Rd8 29. Rxh6 Nxf3 30. Rh3 Rd2 31. Rxf3 Rxf3 32. Bxf3 Rxa2 33. h4 b4 34. Bd5 Rd2 35. Be4 Rd4 36. f3 a4 37. h5 b3 38. Rg1+ Kh8 39. h6 Rxe4 40. fxe4 b2 41. Rb1 a3 42. Kg2 a2 43. Rxb2 a1=Q 44. Rf2 Qa6 45. Rf3 Qg6+ 46. Kh2 Qxe4 47. Rxf7 Qh4+ 48. Kg1 Qe1+ 49. Kh2 Qe5+ 50. Kg1 Qg5+ 51. Kf2 Qxh6 52. Rf3 Qd2+ 53. Kg3 Kg7 54. Rf2 Qe3+ 55. Rf3 Qe5+ 56. Kf2 Kg6 57. Rg3+ Kf5 58. Rf3+ Kg4 59. Re3 Qd4 60. Ke2 Kf4 61. Rd3 Qb2+ 62. Rd2 Qc3 63. Rd3 Qc2+ 64. Rd2 Qe4+ 65. Kd1 Kf3 66. Kc1 Ke3 67. Rc2 Kd3 68. Rd2+ Kc3 69. Kd1 Qh1+ 70. Ke2 Qh2+ 71. Kf3 Qxd2 72. Ke4 Qd4+ 73. Kf5 Kd3 74. Ke6 Ke4 75. Kf7 Qb6 76. Ke7 Ke5 77. Kf7 Qf6+ 78. Ke8 Qg7 79. Kd8 Kd6 80. Kc8 Qc7# 0-1

[Event "1st FIDE OWCCCC Pools-East 2021"]
[Site "Online"]
[Date "2021.02.19"]
[Round "2"]
[White "Chini, Fabrizio"]
[Black "Tirelli, Cristian"]
[Result "1-0"]
[WhiteElo "1555"]
[BlackElo "1502"]
[Annotator "NA"]
[PlyCount "87"]
[EventDate "2021.02.19"]
[EventType "team-tourn"]
[EventCountry "NET"]
[SourceTitle "playchess.com"]
[Source "ChessBase"]
[SourceQuality "1"]

1. e4 c5 2. Nf3 d6 3. d4 cxd4 4. Nxd4 g6 5. Nc3 Bg7 6. Be3 Nf6 7. f3 O-O 8. Bc4 a6 9. Qd2 b5 10. Bb3 Bb7 11. O-O-O Nc6 12. h4 Nxd4 13. Bxd4 Qc7 14. h5 Nxh5 15. g4 Nf6 16. Qh2 e5 17. Be3 Rfd8 18. Bd5 Bxd5 19. Nxd5 Nxd5 20. Qxh7+ Kf8 21. Rxd5 Bf6 22. g5 Bg7 23. f4 Rac8 24. Rd2 Qc4 25. f5 Qxe4 26. f6 Bxf6 27. gxf6 Ke8 28. Bb6 Qf4 29. Bxd8 Rxd8 30. Qg8+ Kd7 31. Qxf7+ Kc8 32. Qe6+ Kc7 33. Rh7+ Kc6 34. Qd5+ Kb6 35. Qb7+ Ka5 36. Qc7+ Ka4 37. Qxd8 Qf1+ 38. Rd1 Qf4+ 39. Kb1 Qf3 40. b3+ Kb4 41. Qxd6+ Ka5 42. Qc7+ Kb4 43. a3+ Kxa3 44. Qa5# 1-0

[Event "1st FIDE OWCCCC Pools-East 2021"]
[Site "Online"]
[Date "2021.02.19"]
[Round "2"]
[White "Goyal, Shitij"]
[Black "Limbourg, Marina"]
[Result "0-1"]
[WhiteElo "1547"]
[BlackElo "2058"]
[Annotator "ChessBase"]
[PlyCount "38"]
[EventDate "2021.02.19"]
[EventType "team-tourn"]
[EventCountry "NET"]
[SourceTitle "playchess.com"]
[Source "ChessBase"]
[SourceQuality "1"]

1. e4 c5 2. Nc3 e6 3. f4 a6 4. Nf3 Nc6 5. Be2 d6 6. O-O Nf6 7. d4 cxd4 8. Nxd4 Be7 9. Nxc6 bxc6 10. Be3 O-O 11. Qe1 Bb7 12. Bd3 Ng4 13. Rd1 d5 14. e5 d4 15. Bxd4 Qxd4+ 16. Kh1 Qe3 17. Qd2 c5 18. h3 Qxh3+ 19. Kg1 Qh2# 0-1

[Event "1st FIDE OWCCCC Pools-East 2021"]
[Site "Online"]
[Date "2021.02.19"]
[Round "2"]
[White "Balint, Laszlo"]
[Black "rish"]
[Result "1-0"]
[WhiteElo "1543"]
[BlackElo "1046"]
[Annotator "NA"]
[PlyCount "93"]
[EventDate "2021.02.19"]
[EventType "team-tourn"]
[EventCountry "NET"]
[SourceTitle "playchess.com"]
[Source "ChessBase"]
[SourceQuality "1"]

1. e4 c5 2. Nf3 Nc6 3. d4 cxd4 4. Nxd4 e5 5. Nb5 d6 6. c4 a6 7. N5a3 Nf6 8. Nc3 Be7 9. Be2 O-O 10. O-O Nd4 11. Nc2 Nxe2+ 12. Qxe2 Be6 13. Ne3 Rc8 14. a4 Qc7 15. b3 Qc6 16. Ned5 Bxd5 17. Nxd5 Nxd5 18. exd5 Qd7 19. f4 f6 20. f5 Bd8 21. Qe4 Bb6+ 22. Kh1 Qf7 23. Be3 Bxe3 24. Qxe3 Qh5 25. Rf3 Rfe8 26. Qe4 Qg5 27. Re3 Rb8 28. Rf1 b5 29. axb5 axb5 30. h4 Qh5 31. Rh3 bxc4 32. bxc4 Rb2 33. g4 Qf7 34. g5 Reb8 35. gxf6 Qxf6 36. Rg1 R2b3 37. Rhg3 Rxg3 38. Rxg3 h6 39. h5 Rb4 40. Rg6 Qf7 41. f6 Qxf6 42. Rxf6 gxf6 43. Qg6+ Kf8 44. Qxf6+ Ke8 45. Qe6+ Kf8 46. Qxd6+ Kg7 47. Qxb4 1-0

[Event "1st FIDE OWCCCC Pools-East 2021"]
[Site "Online"]
[Date "2021.02.19"]
[Round "2"]
[White "Srivastava, Puneet"]
[Black "Stankova, Radka"]
[Result "0-1"]
[WhiteElo "1517"]
[BlackElo "1842"]
[Annotator "NA"]
[PlyCount "96"]
[EventDate "2021.02.19"]
[EventType "team-tourn"]
[EventCountry "NET"]
[SourceTitle "playchess.com"]
[Source "ChessBase"]
[SourceQuality "1"]

1. e4 e6 2. d4 d5 3. Nc3 Nf6 4. e5 Nfd7 5. Nge2 c5 6. g3 Nc6 7. Bg2 cxd4 8. Nxd4 Ndxe5 9. Bf4 Nxd4 10. Qxd4 Nc6 11. Qa4 Bd6 12. Bxd6 Qxd6 13. O-O O-O 14. Rad1 Bd7 15. Nb5 Qe7 16. Rfe1 Qf6 17. Qb3 Na5 18. Qb4 Nc4 19. Nc7 Rab8 20. b3 Ne5 21. Qd4 Nf3+ 22. Bxf3 Qxf3 23. Qxa7 Rfc8 24. Na6 bxa6 25. Qxd7 Rxc2 26. Qa7 Rbc8 27. a4 Qxb3 28. Rb1 Qf3 29. Qe3 Qxe3 30. Rxe3 R2c4 31. Reb3 Rxa4 32. Rb8 Rac4 33. Rxc8+ Rxc8 34. Rb7 Ra8 35. Kf1 Kf8 36. Ke2 a5 37. Kd2 a4 38. Kc2 a3 39. Kb1 a2+ 40. Ka1 g6 41. Rb2 Ke7 42. Rxa2 Rxa2+ 43. Kxa2 Kd6 44. Kb2 Kc5 45. Kc3 e5 46. f3 f5 47. h3 e4 48. fxe4 fxe4 0-1

[Event "1st FIDE OWCCCC Pools-East 2021"]
[Site "Online"]
[Date "2021.02.19"]
[Round "2"]
[White "Califano, Tommaso"]
[Black "Kathmale, Sameer"]
[Result "0-1"]
[WhiteElo "1459"]
[BlackElo "2330"]
[Annotator "TA"]
[PlyCount "44"]
[EventDate "2021.02.19"]
[EventType "team-tourn"]
[EventCountry "NET"]
[SourceTitle "playchess.com"]
[Source "ChessBase"]
[SourceQuality "1"]

1. d4 Nf6 2. Nc3 d5 3. Bg5 Bf5 4. e3 h6 5. Bxf6 exf6 6. Nge2 c6 7. a3 Bd6 8. Ng3 Be6 9. Be2 f5 10. Nh5 O-O 11. Qd2 Nd7 12. f4 b5 13. b4 a5 14. bxa5 Qxa5 15. O-O g6 16. Rf3 gxh5 17. Rg3+ Kh7 18. Bxh5 Rg8 19. Rxg8 Rxg8 20. Rf1 Bxa3 21. Rf3 Bb4 22. Nxd5 Bxd2 0-1

[Event "1st FIDE OWCCCC Pools-East 2021"]
[Site "Online"]
[Date "2021.02.19"]
[Round "2"]
[White "Kulkarni, Agasti"]
[Black "Naveen, Kumar A."]
[Result "0-1"]
[WhiteElo "1442"]
[BlackElo "2035"]
[Annotator "NA"]
[PlyCount "106"]
[EventDate "2021.02.19"]
[EventType "team-tourn"]
[EventCountry "NET"]
[SourceTitle "playchess.com"]
[Source "ChessBase"]
[SourceQuality "1"]

1. e4 e5 2. Nf3 d6 3. d4 Nc6 4. d5 Nce7 5. Bb5+ Bd7 6. Bxd7+ Qxd7 7. O-O O-O-O 8. Be3 Kb8 9. Qd3 a6 10. a4 h6 11. b4 f5 12. b5 a5 13. b6 c6 14. dxc6 Qxc6 15. Nbd2 Nf6 16. Nxe5 Qe8 17. Nec4 fxe4 18. Nxe4 Nxe4 19. Qxe4 d5 20. Qe5+ Ka8 21. Nxa5 Nc6 22. Nxc6 Qxc6 23. Qc7 Qd7 24. Qxd7 Rxd7 25. a5 g5 26. Bd4 Bg7 27. Rfd1 Bxd4 28. Rxd4 Re8 29. g3 Rc8 30. c4 Rxc4 31. a6 Rxd4 32. axb7+ Kxb7 33. Ra7+ Kc6 34. h4 gxh4 35. gxh4 Rxa7 36. bxa7 Ra4 37. Kg2 Rxa7 38. Kf3 Rf7+ 39. Ke3 Kc5 40. f4 Kc4 41. h5 Kc3 42. Ke2 Rxf4 43. Ke3 Rh4 44. Kf3 Rxh5 45. Kg4 Rg5+ 46. Kf4 d4 47. Ke4 d3 48. Kf4 d2 49. Ke4 d1=Q 50. Kf4 Qd4+ 51. Kf3 Rf5+ 52. Ke2 Rf2+ 53. Ke1 Qd2# 0-1

[Event "1st FIDE OWCCCC Pools-East 2021"]
[Site "Online"]
[Date "2021.02.19"]
[Round "2"]
[White "Turcatti, Mauro"]
[Black "Podbrdsky, Pavel"]
[Result "1/2-1/2"]
[WhiteElo "1313"]
[BlackElo "2147"]
[Annotator "ChessBase"]
[PlyCount "78"]
[EventDate "2021.02.19"]
[EventType "team-tourn"]
[EventCountry "NET"]
[SourceTitle "playchess.com"]
[Source "ChessBase"]
[SourceQuality "1"]

1. e4 e5 2. Nf3 Nc6 3. Bb5 a6 4. Bxc6 dxc6 5. O-O Bg4 6. h3 h5 7. d3 Qf6 8. Nbd2 Bc5 9. Re1 Ne7 10. Nf1 Bxf3 11. Qxf3 Qxf3 12. gxf3 Ng6 13. Kg2 h4 14. Nh2 O-O-O 15. Rg1 Rde8 16. Kf1 Kd7 17. Ke2 Ke6 18. Bd2 Ne7 19. Nf1 g6 20. Ne3 b5 21. Rg4 Reg8 22. Ng2 f5 23. Rxh4 Rxh4 24. Nxh4 f4 25. Rg1 Kf6 26. Ng2 g5 27. Bc3 Bd4 28. Bxd4 exd4 29. Kd2 Rh8 30. Rh1 Ng6 31. c3 c5 32. Kc2 Ke5 33. a3 a5 34. Kd2 Nh4 35. Nxh4 Rxh4 36. Kc2 Rh8 37. Kd2 Rh4 38. Kc2 Rh8 39. Kd2 Rh4 1/2-1/2

[Event "1st FIDE OWCCCC Pools-East 2021"]
[Site "Online"]
[Date "2021.02.19"]
[Round "2"]
[White "Dananjey Prabu"]
[Black "Serefidou, Despina"]
[Result "1-0"]
[WhiteElo "1312"]
[BlackElo "1933"]
[Annotator "NA"]
[PlyCount "67"]
[EventDate "2021.02.19"]
[EventType "team-tourn"]
[EventCountry "NET"]
[SourceTitle "playchess.com"]
[Source "ChessBase"]
[SourceQuality "1"]

1. e4 c5 2. c3 Nf6 3. e5 Nd5 4. Nf3 e6 5. d4 cxd4 6. cxd4 d6 7. exd6 Bxd6 8. Nc3 Nd7 9. Nxd5 exd5 10. Bd3 O-O 11. O-O h6 12. Bc2 Nf6 13. Ne5 Re8 14. Bf4 Be6 15. a3 Rc8 16. b4 Rc7 17. Rc1 Rce7 18. Re1 Bc8 19. Ba4 Bd7 20. Bb3 a5 21. Qf3 axb4 22. Bxd5 Nxd5 23. Qxd5 Be6 24. Qf3 bxa3 25. Qg3 Kh8 26. Ng6+ fxg6 27. Bxd6 Rd7 28. Bxa3 Rxd4 29. Bb2 Rg4 30. Qe3 Kh7 31. g3 Rb4 32. Qc3 Qe7 33. Rxe6 Qf8 34. Rxe8 1-0

[Event "1st FIDE OWCCCC Pools-East 2021"]
[Site "Online"]
[Date "2021.02.19"]
[Round "2"]
[White "Manca, Maria Chiara"]
[Black "Tanvi Thakur"]
[Result "0-1"]
[WhiteElo "1267"]
[BlackElo "1185"]
[Annotator "NA"]
[PlyCount "68"]
[EventDate "2021.02.19"]
[EventType "team-tourn"]
[EventCountry "NET"]
[SourceTitle "playchess.com"]
[Source "ChessBase"]
[SourceQuality "1"]

1. e4 c5 2. Nf3 d6 3. Bc4 Nc6 4. O-O Nf6 5. d3 Bg4 6. Be3 h6 7. c3 Qb6 8. b3 e6 9. Nbd2 a6 10. b4 Be7 11. Qb3 O-O 12. d4 Qc7 13. d5 exd5 14. exd5 Na7 15. Rfe1 b5 16. Bd3 c4 17. Qc2 cxd3 18. Qxd3 Bxf3 19. Nxf3 Rfe8 20. Bd4 Ng4 21. h3 Nf6 22. Rac1 Qb7 23. Nh4 Qxd5 24. Nf5 Nc6 25. Nxe7+ Nxe7 26. Bxf6 Qxd3 27. Bxe7 Ra7 28. Red1 Qg6 29. Bxd6 Rd7 30. Bc5 Rxd1+ 31. Rxd1 Qc2 32. Rd6 Qc1+ 33. Kh2 Qf4+ 34. Kg1 Re1# 0-1

[Event "1st FIDE OWCCCC Pools-East 2021"]
[Site "Online"]
[Date "2021.02.19"]
[Round "2"]
[White "Pandey, Nikhil"]
[Black "Ragozin, Andrei"]
[Result "0-1"]
[WhiteElo "1236"]
[BlackElo "2021"]
[Annotator "NA"]
[PlyCount "70"]
[EventDate "2021.02.19"]
[EventType "team-tourn"]
[EventCountry "NET"]
[SourceTitle "playchess.com"]
[Source "ChessBase"]
[SourceQuality "1"]

1. e4 e5 2. Nf3 d5 3. Nc3 d4 4. Nb1 Bd6 5. d3 Bg4 6. g3 Nc6 7. Bg2 Qd7 8. b3 O-O-O 9. Bb2 f5 10. h3 Bxf3 11. Qxf3 fxe4 12. Qxe4 Nf6 13. Qe2 Kb8 14. a3 Rde8 15. Nd2 Rhf8 16. Ne4 Nxe4 17. Bxe4 g6 18. O-O-O Nd8 19. Qd2 Ne6 20. b4 a5 21. c3 dxc3 22. Qxc3 axb4 23. axb4 Rxf2 24. Rd2 Ref8 25. Rxf2 Rxf2 26. Qe1 Rf8 27. h4 Qa4 28. Qc3 Nd4 29. Re1 Bxb4 30. Qc4 Nb3+ 31. Kb1 Nd2+ 32. Kc1 Nxc4 33. dxc4 Bxe1 34. Bd5 Rf2 35. c5 Qc2# 0-1

[Event "1st FIDE OWCCCC Pools-East 2021"]
[Site "Online"]
[Date "2021.02.19"]
[Round "2"]
[White "Lasek, Tomas"]
[Black "Garg, Richa"]
[Result "1-0"]
[WhiteElo "1235"]
[BlackElo "691"]
[Annotator "NA"]
[PlyCount "49"]
[EventDate "2021.02.19"]
[EventType "team-tourn"]
[EventCountry "NET"]
[SourceTitle "playchess.com"]
[Source "ChessBase"]
[SourceQuality "1"]

1. e4 e5 2. Bc4 Bc5 3. Qf3 Nf6 4. d3 O-O 5. Bg5 Nc6 6. Nc3 Nd4 7. Qd1 d6 8. Nf3 Bg4 9. h3 Bh5 10. g4 Bg6 11. Nxd4 Bxd4 12. Nd5 Bxb2 13. Rb1 Bc3+ 14. Nxc3 a5 15. Rxb7 Qc8 16. Qb1 Qd7 17. Nd5 Qc6 18. Nxf6+ gxf6 19. Bxf6 Rfe8 20. Bd5 Re6 21. Bxc6 Rxf6 22. Rb8+ Rxb8 23. Qxb8+ Kg7 24. O-O h5 25. g5 1-0